Inovácie v oblasti proklientsky orientovaných asistenčných služieb poisťovní diplomová práca

Salvato in:
Dettagli Bibliografici
Autore principale: Grill, Andrej
Ente Autore: Národohospodárska fakulta EU. Katedra poisťovníctva
Altri autori: Pastoráková, Erika, 1972-
Natura: Libro
Lingua:slovacco
Pubblicazione: Bratislava 2016
Tags: Aggiungi Tag
Nessun Tag, puoi essere il primo ad aggiungerne!!

MARC

LEADER 00000nbm a2200000 4500
001 0218031
005 20161108114852.7
041 0 |a slo 
044 |a SK 
245 1 0 |a Inovácie v oblasti proklientsky orientovaných asistenčných služieb poisťovní  |b diplomová práca  |c Andrej Grill ; školiteľ: Erika Pastoráková 
264 1 |a Bratislava  |c 2016 
300 |a 58 s. 
100 1 |a Grill, Andrej 
700 1 |a Pastoráková, Erika, 1972- 
710 2 |a Národohospodárska fakulta EU. Katedra poisťovníctva